[Event "SLO-chT2 East"]
[Site "Brezice Maribor"]
[Date "2007.10.20"]
[Round "7"]
[White "Urnaut, Franjo"]
[Black "Sesko, Marijan"]
[Result "1/2-1/2"]
[WhiteElo "1946"]
[BlackElo "1955"]
[PlyCount "30"]
[EventDate "2007.05.26"]
[EventType "team-tourn"]
[EventRounds "9"]
[EventCountry "SLO"]
[SourceTitle "EXT 2010"]
[Source "ChessBase"]
[SourceDate "2010.11.25"]
[SourceVersion "1"]
[SourceVersionDate "2010.11.25"]
[SourceQuality "1"]

1. e4 d5 2. exd5 Qxd5 3. Nc3 Qa5 4. d4 Nf6 5. f3 Bf5 6. Bd3 e6 7. Nge2 Nbd7 8. Bd2 c6 9. Ne4 Qc7 10. Nxf6+ Nxf6 11. Bxf5 exf5 12. 0-0 0-0-0 13. c3 g6 14. Qa4 a6 15. c4 Re8 1/2-1/2

[Event "SLO-chT2 East"]
[Site "Velenje"]
[Date "2006.10.02"]
[Round "6"]
[White "Peric, Bernard"]
[Black "Urnaut, Franjo"]
[Result "1-0"]
[WhiteElo "1603"]
[BlackElo "1963"]
[PlyCount "83"]
[EventDate "2006.05.21"]
[EventType "team"]
[EventRounds "9"]
[EventCountry "SLO"]
[SourceTitle "EXT 2008"]
[Source "ChessBase"]
[SourceDate "2007.11.25"]
[SourceVersion "1"]
[SourceVersionDate "2007.11.25"]
[SourceQuality "1"]

1. d4 Nf6 2. Bg5 d5 3. e3 Ne4 4. Bf4 e6 5. f3 Nd6 6. Bd3 c5 7. c3 c4 8. Bc2 b5 9. Be5 f6 10. Bxd6 Bxd6 11. f4 0-0 12. Qh5 f5 13. Nf3 Nc6 14. 0-0 Rf6 15. Ng5 h6 16. Nf3 Bd7 17. Ne5 Be8 18. Qh3 Bxe5 19. fxe5 Rg6 20. Qf3 h5 21. Kh1 Rh6 22. Nd2 b4 23. e4 Qg5 24. Rf2 dxe4 25. Nxe4 Qg4 26. Nd6 Qxf3 27. Rxf3 bxc3 28. bxc3 Na5 29. Rb1 Bc6 30. Rf2 h4 31. Kg1 Rg6 32. Rb4 Bd5 33. Rb5 Nc6 34. Bxf5 Rg5 35. Rxd5 exd5 36. Be6+ Kh7 37. Bxd5 Rb8 38. Bxc6 Rb1+ 39. Rf1 Rxf1+ 40. Kxf1 Kg8 41. e6 Kf8 42. Nc8 1-0